[Event "40th Bosna Open"]
[Site "Sarajevo BIH"]
[Date "2010.05.09"]
[Round "5"]
[White "Mamedov,Rau"]
[Black "Kurajica,B"]
[Result "1/2-1/2"]
[WhiteElo "2653"]
[BlackElo "2548"]

1.e4 d5 2.exd5 Qxd5 3.Nc3 Qd6 4.Nf3 Nf6 5.g3 Bg4 6.Bg2 Nc6 7.h3 Qe6+ 8.Kf1 Bh5
9.d3 O-O-O 10.Be3 h6 11.Qd2 Bxf3 12.Bxf3 Ne5 13.Qe2 Nxf3 14.Qxf3 Nd5 15.Kg2 g5
16.Rhe1 Qc6 17.Kg1 Bg7 18.Bd2 Rhf8 19.Nxd5 Qxd5 20.Qxd5 Rxd5 21.Rxe7 Bxb2
22.Rae1 Ba3 23.R7e4 Kd7 24.Kg2 Bd6 25.h4 f6 26.a4 b6 27.hxg5 hxg5 28.Rh1 Rf7
29.Rh5 Be7 30.Kf1 Bd8 31.Ke2 Rd6 32.f4 f5 33.Re5 gxf4 34.Bxf4 Re6 35.d4 Bf6
36.Rxe6 Kxe6 37.Rh6 Kd7 38.Kd3 Be7 39.Kc4 a6 40.c3 c6 41.Be5 b5+ 42.Kb3 Rf8
43.c4 bxc4+ 44.Kxc4 Rc8 45.Bf4 a5 46.Be5 Bb4 47.Bf4 Re8 48.Be5 Rc8 49.Rg6 Be7
50.Bf4 Bb4 51.Rg7+ Ke6 52.Ra7 Be1 53.Ra6 Kf7 54.Be5 Bb4 55.Ra7+ Ke6 56.Bf4 Be1
57.Rh7 Bb4 58.Rh6+ Kd7 59.Rh7+ Ke6 60.Rg7 Kf6 61.Rb7 Ke6 62.Be5 Be7 63.Ra7 Bb4
64.Rh7 Be7 65.Bf4 Bb4 66.Rh6+ Kd7 67.Be5 Be7 68.Rh7 Ke6 69.Rg7 Bb4 70.Ra7 Be1
71.Ra6 Bb4 72.Bf4 Kf7 73.Ra7+ Ke6 74.Bc7 Rg8 75.Ra6 Kd7 76.Bf4 Rc8 77.Rb6 Be7
78.Rb7+ Ke6 79.Rb2 Kd7 80.Re2 Bf6 81.Re3 Re8 82.Rxe8 Kxe8 83.Bc7 Be7 84.Bxa5 Bd6
85.Be1 Kd7 86.Kd3 Kc7 87.Ke3 Kb6 88.Kd3 Ka6 89.Ke2 Kb6 90.Kd3 Ka6 91.Kc4 Kb6
92.Kb3 Ka6 93.Kc4 Kb6 94.a5+ Ka6 95.Kd3 Kb5 96.Ke3 Bb8 97.Kd3 Bc7 98.Ke3 Bb8
99.Kf3 c5 100.dxc5 Kxc5 101.Bd2 Bxg3 102.Kxg3 f4+ 103.Kxf4 Kc6 104.Ke5 Kb7
105.Kd6 Ka8 106.Kc6 Kb8 107.Kb6 Ka8 108.a6 Kb8 109.a7+ Ka8 110.Ka6  1/2-1/2

[Event "46th Capablanca Memorial Open A"]
[Site "Havana CUB"]
[Date "2010.05.11"]
[Round "1.30"]
[White "Campos Vila,M"]
[Black "Aguero Jimenez,L"]
[Result "0-1"]
[WhiteElo "2212"]
[BlackElo "2420"]

1.e4 d5 2.exd5 Qxd5 3.Nc3 Qd6 4.d4 Nf6 5.Nf3 a6 6.Bc4 e6 7.Be3 b5 8.Bb3 Bb7
9.Qe2 Be7 10.O-O-O O-O 11.g4 Nbd7 12.Rhg1 b4 13.Na4 Nd5 14.Nc5 Nf4 15.Qd2 Nxc5
16.Bxf4 Nxb3+ 17.axb3 Qd5 18.Ne5 a5 19.Rge1 a4 20.Qd3 axb3 21.cxb3 c5 22.Nc4 cxd4
23.Qxd4 Ra1+ 24.Kc2 Qxd4 25.Rxd4 Rxe1 26.Rd7 Bd5 27.Rxe7 Bxc4 28.bxc4 Re4
29.Bd6 Rxc4+ 30.Kb3 Rxg4 31.Rb7 Rd8 32.Bxb4 h5  0-1

[Event "XV MIC"]
[Site "Split CRO"]
[Date "2010.05.11"]
[Round "4"]
[White "Bozanic,I"]
[Black "Drazic,S"]
[Result "0-1"]
[WhiteElo "2270"]
[BlackElo "2538"]

1.e4 d5 2.exd5 Qxd5 3.Nc3 Qd6 4.Bc4 Nf6 5.d3 a6 6.Nge2 g6 7.Bf4 Qc6 8.f3 Bg7
9.Qd2 O-O 10.Bh6 b5 11.Bxg7 Kxg7 12.Bb3 a5 13.a3 b4 14.Ne4 a4 15.Bc4 bxa3
16.Rxa3 Nbd7 17.N2c3 Ba6 18.Ba2 Bb7 19.Qe3 Qb6 20.Qxb6 Nxb6 21.O-O Rfd8 22.Ra1 Bc6
23.b4 Ne8 24.Nc5 Nd6 25.Bb1 Rdb8 26.Kf2 e6 27.N3xa4 Bxa4 28.Nxa4 Nb5 29.R3a2 Rxa4
30.Rxa4 Nxa4 31.Rxa4 Nc3 32.Ra3 Nxb1 33.Rb3 Nd2 34.Rb2 c5 35.c3 cxb4 36.cxb4 Nxf3
37.Kxf3 Kf6 38.Ke4 Ke7 39.Kd4 Kd6 40.b5 f5 41.Kc4 Rc8+ 42.Kb4 Rc1 43.Ka5 Ra1+
44.Kb6 Ra3 45.Kb7 Rxd3 46.b6 Kd7 47.Rc2 e5 48.Rc7+ Kd8 49.Rxh7 e4 50.Kc6 Rc3+
51.Kd5 Kc8 52.Re7 Rc2 53.Kd4 Rxg2 54.Rg7 Rxh2 55.Rxg6 Kb7 56.Ke5 Rf2 57.Kd4 Rd2+
58.Kc4 Ka6 59.Re6 Rb2 60.Re8  0-1

[Event "46th Capablanca Memorial Open A"]
[Site "Havana CUB"]
[Date "2010.05.12"]
[Round "2.27"]
[White "Obregon Rivero,J"]
[Black "Martinez Lopez,I"]
[Result "1-0"]
[WhiteElo "2445"]
[BlackElo "2287"]

1.e4 d5 2.exd5 Qxd5 3.Nc3 Qd8 4.d4 c6 5.Bc4 Nf6 6.Nf3 b5 7.Bb3 e6 8.O-O Be7
9.Ne5 O-O 10.Be3 Bb7 11.Qf3 a6 12.a4 Qc7 13.Qg3 Re8 14.f4 Nd5 15.f5 Nd7 16.fxe6 fxe6
17.Rf7 g6 18.Qh3 Nf8 19.Nxd5 exd5 20.Raf1 h5 21.Nxg6 Qd6 22.Qxh5  1-0

[Event "46th Capablanca Memorial Open A"]
[Site "Havana CUB"]
[Date "2010.05.14"]
[Round "4.47"]
[White "Corrales Jimenez,Z"]
[Black "Martinez Lopez,I"]
[Result "0-1"]
[WhiteElo "2182"]
[BlackElo "2287"]

1.e4 d5 2.exd5 Qxd5 3.Nc3 Qd8 4.d4 c6 5.Nf3 Nf6 6.Bg5 Bf5 7.Bd3 Bg6 8.O-O e6
9.Re1 Bb4 10.Qd2 Bh5 11.Bxf6 Qxf6 12.Ne5 Qd8 13.Bc4 Nd7 14.Nd3 Be7 15.Qe3 O-O
16.Bb3 Re8 17.Ne4 Bg6 18.c4 Nf6 19.Nxf6+ Bxf6 20.Ne5 a5 21.f4 a4 22.Bd1 Qb6
23.Qc3 c5 24.dxc5 Qxc5+ 25.Kh1 b5 26.cxb5 Qxb5 27.Rc1 Red8 28.Be2 Qb6 29.Qa3 Be4
30.Bh5 Bxe5 31.fxe5 Qb7 32.Re2 Rd3 33.Qc5 g6 34.Qc4 Bf5 35.Bg4 Bxg4 36.Qxd3 Bxe2
37.Qxe2 Qd5 38.Qf3 Rd8 39.Qe2 Qxa2 40.Rd1 Rb8 41.Qf2 Qxb2 42.Qf6 Qb6 43.h4 h5
44.g4 Qb3 45.Rd8+ Rxd8 46.Qxd8+ Kh7 47.Kh2 Qb2+ 48.Kg1 Qxe5 49.gxh5 Qxh5  0-1

[Event "46th Capablanca Memorial Open A"]
[Site "Havana CUB"]
[Date "2010.05.14"]
[Round "4.44"]
[White "Pulvett,D"]
[Black "Ubaldo Suarez,M"]
[Result "1-0"]
[WhiteElo "2282"]
[BlackElo "2079"]

1.e4 d5 2.exd5 Qxd5 3.Nc3 Qd6 4.d4 c6 5.Nf3 Bg4 6.h3 Bh5 7.g4 Bg6 8.Ne5 Nf6
9.Bg2 e6 10.h4 h6 11.Nxg6 fxg6 12.Qd3 Kf7 13.g5 hxg5 14.Bxg5 Nbd7 15.O-O-O Be7
16.Be4 Nxe4 17.Nxe4 Qd5 18.Bxe7 Kxe7 19.Qa3+ Kd8 20.Ng5 Kc7 21.Rhe1 Rae8
22.Qg3+ Kb6 23.Re3 a6 24.Nf7 Rh5 25.Rb3+ Ka7 26.Qc7  1-0

[Event "I Tancat w"]
[Site "Sabadell ESP"]
[Date "2010.05.14"]
[Round "1"]
[White "Medina Altamirano,K"]
[Black "Grigoryan,Meri"]
[Result "0-1"]
[WhiteElo "2009"]
[BlackElo "2121"]

1.e4 d5 2.exd5 Qxd5 3.Nc3 Qd6 4.Nf3 Nf6 5.Be2 a6 6.d3 e5 7.O-O Nc6 8.Re1 Bf5
9.a3 Be7 10.h3 h6 11.Bf1 g5 12.Qe2 Nd7 13.Ne4 Qg6 14.Ng3 Be6 15.c3 O-O-O
16.d4 exd4 17.Nxd4 Nxd4 18.cxd4 Nb6 19.b4 Bf6 20.b5 axb5 21.Qxb5 Bxd4 22.Bb2 Rd5
23.Qb4 Rhd8 24.Rac1 Bxb2 25.Qxb2 Kb8 26.Qc3 Rc8 27.Qb4 Qg7 28.Ne2 Qf8 29.Qc3 Qd6
30.Ng3 Na4 31.Qf6 Qxa3 32.Qxh6 Qb2 33.Ra1 Nc5 34.Qh7 Rd2 35.Ne4 Nxe4 36.Qxe4 Qd4
37.Qf3 Bd5 38.Qg3 f5 39.Qe3 Qxe3 40.Rxe3 c5 41.Re5 g4 42.hxg4 fxg4 43.Rg5 c4
44.Rxg4 c3 45.Rga4 c2 46.Ra8+ Kc7 47.Rxc8+ Kxc8 48.Rc1 Bb3  0-1

[Event "46th Capablanca Memorial Open A"]
[Site "Havana CUB"]
[Date "2010.05.15"]
[Round "5.50"]
[White "Fandino Reyes,R"]
[Black "Enrique,E"]
[Result "0-1"]
[WhiteElo "2147"]
[BlackElo "2206"]

1.e4 d5 2.exd5 Qxd5 3.Nc3 Qd6 4.d4 Nf6 5.Nf3 a6 6.Be2 Nc6 7.O-O Bf5 8.a3 O-O-O
9.Be3 e5 10.dxe5 Nxe5 11.Qc1 Nfg4 12.Nxe5 Qxe5 13.Bf4 Qe6 14.Re1 Qb6 15.Bg3 Be6
16.Bf3 h5 17.Na4 Qd4 18.Re4 Qf6 19.Bf4 Qg6 20.c4 Bd7 21.Nc3 Nf6 22.Re1 Bg4
23.Be2 Bd6 24.Bf1 h4 25.Bxd6 cxd6 26.Qe3 Kb8 27.Nd5 Nd7 28.f3 Bf5 29.Ne7 Qf6
30.Nxf5 Qxf5 31.Qd3 Qf6 32.b4 Ne5 33.Qe4 h3 34.f4 Nc6 35.Rad1 Rhe8 36.Qxe8 Rxe8
37.Rxe8+ Kc7 38.Re4 g5 39.b5 axb5 40.cxb5 Ne7 41.g3 g4 42.a4 d5 43.Re2 Qb6+
44.Kh1 Qd6 45.a5 b6 46.axb6+ Kxb6 47.Ra1 Kb7 48.Ra6 Qc5 49.Rea2 Nc8 50.Rc6 Qb4
51.Rac2 Nd6 52.Kg1 Qd4+ 53.Kh1 Nc4 54.R6xc4 dxc4 55.Rxc4 Qf2 56.Rc1 Qf3+  0-1

[Event "Chladek & Tintera Open"]
[Site "Hradec Kralove CZE"]
[Date "2010.05.15"]
[Round "1"]
[White "Svec,L"]
[Black "Karhanek,P"]
[Result "0-1"]
[WhiteElo "1780"]
[BlackElo "2190"]

1.e4 d5 2.exd5 Qxd5 3.Nc3 Qd8 4.d4 Nf6 5.Bd3 a6 6.Nge2 e6 7.Be3 b5 8.Be4 Nxe4
9.Nxe4 Bb7 10.f3 Nd7 11.Nc5 Nxc5 12.dxc5 Qh4+ 13.Kf1 Rd8 14.Qe1 Qxe1+ 15.Kxe1 Be7
16.Kf2 Bh4+ 17.Ng3 f5 18.Ke2 Bf6 19.c3 h5 20.Rhd1 Rxd1 21.Kxd1 h4 22.Ne2 h3
23.g3 Bxf3 24.a4 b4 25.cxb4 Bxb2 26.Rb1 Be5 27.b5 axb5 28.axb5 Bxg3 29.b6 cxb6
30.Rxb6 Bxh2 31.Kd2 Bc7  0-1

[Event "ch-CAT"]
[Site "Sabadell ESP"]
[Date "2010.05.16"]
[Round "1.2"]
[White "Terrones Launes,M"]
[Black "Magem Badals,J"]
[Result "0-1"]
[WhiteElo "1935"]
[BlackElo "2585"]

1.e4 d5 2.exd5 Qxd5 3.Nc3 Qd6 4.Bc4 Nf6 5.d4 a6 6.Bb3 Nc6 7.Nge2 Na5 8.Bf4 Qd7
9.O-O b6 10.Ng3 Bb7 11.Qd2 O-O-O 12.Rad1 Nxb3 13.axb3 h5 14.Nge2 h4 15.h3 g5
16.Be5 g4 17.Kh2 Bh6 18.Qd3 Rhg8 19.Rg1 Rg6 20.f3 gxf3 21.gxf3 Rxg1 22.Rxg1 Nd5
23.Nxd5 Qxd5 24.Nf4 Qxe5  0-1

[Event "ch-CAT"]
[Site "Sabadell ESP"]
[Date "2010.05.16"]
[Round "1.2"]
[White "Alsina Leal,D"]
[Black "Visa Jordana,J"]
[Result "1-0"]
[WhiteElo "2547"]
[BlackElo "2245"]

1.e4 d5 2.exd5 Qxd5 3.Nc3 Qd8 4.d4 c6 5.Ne4 Nf6 6.Nxf6+ gxf6 7.Nf3 Bg4 8.Be2 e6
9.O-O Qc7 10.c4 Nd7 11.h3 h5 12.Qa4 Bd6 13.c5 Bf4 14.d5 Bxc1 15.d6 Nxc5 16.Qd4 Bxb2
17.Qxb2 Qxd6 18.Qxf6 Qf8 19.hxg4 Rh6 20.Qf4 hxg4 21.Nh2 Qh8 22.Rad1 e5 23.Qxg4 Rh4
24.Qf5 Rxh2 25.f3 Rh1+ 26.Kf2 Qh4+ 27.Ke3 Qh6+ 28.Kf2 Rxf1+ 29.Bxf1 Qe6 30.Qg5 Nd7
31.Bd3 Qf6 32.Qg8+ Nf8 33.Bc4 Qh4+ 34.Qg3 Qxg3+ 35.Kxg3 Rd8 36.Bxf7+ Ke7
37.Rxd8 Kxd8 38.f4 Ke7 39.Bb3 exf4+ 40.Kxf4 Kf6 41.Ke4 Ne6 42.Bd1 Nc5+ 43.Kd4 Nd7
44.Bg4 c5+ 45.Kd5 Ne5 46.Be2 b6 47.g4 Ng6 48.Kc6 Ke6 49.Kb7 Kd6 50.Kxa7 Kc6
51.a4 Ne5 52.g5 Kc7 53.Ka6 Kc6 54.Bf3+ Kc7 55.Be4 c4 56.g6 Nd7 57.Kb5 Nf6
58.Bc2 c3 59.Kc4 Kc6 60.g7 Kd6 61.Bb3 Kc6 62.Kxc3 b5 63.a5 Kc5 64.Kb2 Kc6
65.Ka3  1-0

[Event "4th All China Games Rapid"]
[Site "Hefei CHN"]
[Date "2010.05.17"]
[Round "1"]
[White "Wang Zili"]
[Black "Ning Chunhong"]
[Result "1-0"]
[WhiteElo "2492"]
[BlackElo "2347"]

1.e4 d5 2.exd5 Qxd5 3.Nc3 Qd6 4.d4 Nf6 5.Nf3 Bf5 6.Bc4 e6 7.Ne5 c6 8.Bf4 Qd8
9.g4 Bg6 10.h4 Bb4 11.h5 Be4 12.f3 Bd5 13.Qd3 Bxc4 14.Nxc4 Nd5 15.Bd2 Na6
16.Ne2 Bxd2+ 17.Qxd2 Qc7 18.Qg5 f6 19.Qd2 O-O-O 20.O-O-O g5 21.hxg6 hxg6
22.Rh6 g5 23.Rdh1 Rxh6 24.Rxh6 Qg7 25.Rh5 Rh8 26.Nd6+ Kc7 27.Ne4 Rxh5 28.gxh5 Qh6
29.N2g3 Nf4 30.Kd1 b6 31.a3 f5 32.Nc3 Nb8 33.Qh2 Nd7 34.Nce2 Nf6 35.c3 Kb7
36.Nxf4 gxf4 37.Ne2 Nxh5 38.Qh4 Qg6 39.Qe7+ Kb8 40.Qd6+ Kb7 41.Qd7+ Kb8 42.Qxc6 Qh6
43.Qd6+ Kb7 44.Qd7+ Kb8 45.d5 Ng3 46.Nd4  1-0

[Event "Campomanes Mem IM"]
[Site "Ankara TUR"]
[Date "2010.05.18"]
[Round "4"]
[White "Dastan,B"]
[Black "Mirzoev,A"]
[Result "1/2-1/2"]
[WhiteElo "2094"]
[BlackElo "2555"]

1.e4 d5 2.exd5 Qxd5 3.Nc3 Qd6 4.d4 Nf6 5.Nf3 c6 6.h3 Bf5 7.Bd3 Bxd3 8.Qxd3 Nbd7
9.Be3 e6 10.a3 Be7 11.Ne4 Nxe4 12.Qxe4 Nf6 13.Qe5 Qxe5 14.Nxe5 Nd7 15.Nxd7 Kxd7
16.O-O-O Rhd8 17.Bf4 Bd6  1/2-1/2

[Event "4th All China Games Rapid"]
[Site "Hefei CHN"]
[Date "2010.05.18"]
[Round "5"]
[White "Zhao Jun"]
[Black "Wang Li"]
[Result "1-0"]
[WhiteElo "2574"]
[BlackElo "2383"]

1.e4 d5 2.exd5 Qxd5 3.Nc3 Qd6 4.d4 Nf6 5.Nf3 c6 6.Ne5 Nbd7 7.Bf4 Nd5 8.Nxd5 Qxd5
9.Nf3 Nb6 10.Be2 Bf5 11.Bg3 Qe4 12.Rc1 g6 13.O-O Bh6 14.Bd3 Qd5 15.c4 Qd7
16.Bxf5 Qxf5 17.Rc3 O-O 18.Re1 Rae8 19.b3 Qd7 20.Rd3 Bg7 21.Qe2 Bf6 22.Ne5 Qc8
23.h4 h5 24.Nf3 Qg4 25.Re3 Rd8 26.Re4 Qc8 27.Qe3 Nd7 28.Bf4 e6 29.Ng5 Rde8
30.Qg3 Bxg5 31.Bxg5 Kh7 32.Qe3 Qc7 33.a4 Qa5 34.Re2 a6 35.Qg3 b5 36.Qd6 Nb8
37.Be7 Rg8 38.Rf4 Rg7 39.Bf6 Rgg8 40.Bg5 Rg7 41.axb5 axb5 42.c5 Qa1+ 43.Kh2 Qa7
44.Bf6 Rgg8 45.Bg5 Rg7 46.g4 hxg4 47.Rxg4 f5 48.Rg3 Rd7 49.Qf4 Qc7 50.Re5 Rd5
51.h5 gxh5 52.Bf6 Rg8 53.Rxg8 Kxg8 54.Qg5+ Kf8 55.Qxh5 Na6 56.Qh8+ Kf7 57.Qg7+ Ke8
58.Qg8+ Kd7 59.Qxe6+  1-0

[Event "4th All China Games Rapid"]
[Site "Hefei CHN"]
[Date "2010.05.19"]
[Round "7"]
[White "Tian Tian"]
[Black "Wang Pin"]
[Result "1/2-1/2"]
[WhiteElo "2235"]
[BlackElo "2407"]

1.e4 d5 2.exd5 Qxd5 3.Nc3 Qd6 4.d4 Nf6 5.Nf3 c6 6.h3 Bf5 7.Bc4 e6 8.Be3 Nbd7
9.Qd2 Qc7 10.a3 Bd6 11.O-O  1/2-1/2

[Event "4th All China Games Rapid"]
[Site "Hefei CHN"]
[Date "2010.05.19"]
[Round "8"]
[White "Gao Rui"]
[Black "Wang Li"]
[Result "1/2-1/2"]
[WhiteElo "2464"]
[BlackElo "2383"]

1.e4 d5 2.exd5 Qxd5 3.Nc3 Qd6 4.d4 Nf6 5.Nf3 c6 6.Ne5 Nbd7 7.Bf4 Nd5 8.Nxd5 Qxd5
9.Nf3 Nb6 10.Be2 Bf5 11.c3 Qe4 12.Bg3 Qc2 13.Qxc2 Bxc2 14.Ne5 Nd7 15.Nc4 Nb6
16.Na5 O-O-O 17.O-O e6 18.Nc4 Nxc4 19.Bxc4 Bg6 20.Be5 Rg8 21.Rfe1 Bd6 22.f3 Bxe5
23.Rxe5 Rge8 24.Rae1 Kc7 25.Kf2 Kd6 26.h4 h6 27.g4 Re7 28.Kg3 Rde8 29.R5e3 Bh7
30.Bd3  1/2-1/2

[Event "4th All China Games Rapid"]
[Site "Hefei CHN"]
[Date "2010.05.20"]
[Round "10"]
[White "Gu Xiaobing"]
[Black "Ning Chunhong"]
[Result "0-1"]
[WhiteElo "2361"]
[BlackElo "2347"]

1.e4 d5 2.exd5 Qxd5 3.Nc3 Qd6 4.d4 Nf6 5.Nf3 c6 6.Be2 Bg4 7.O-O Nbd7 8.Re1 e6
9.Bg5 Be7 10.Qd2 Qc7 11.Ne5 Bxe2 12.Qxe2 O-O 13.Rad1 Rad8 14.Rd3 Nxe5 15.dxe5 Nd5
16.Ne4 Qxe5 17.h4 Qxb2 18.Rg3 Rfe8 19.Qh5 Nf6 20.Bxf6 Bxf6 21.Rf3 Rd5 22.Qg4 Bd8
23.c4 Rd7 24.Qh5 Qxa2 25.Nc5 Qa5 26.Re5 g6 27.Rg3 Rd1+ 28.Kh2 Qa1 29.Rgg5 Qxe5+  0-1

[Event "4th All China Games Rapid"]
[Site "Hefei CHN"]
[Date "2010.05.20"]
[Round "11"]
[White "Ruan Lufei"]
[Black "Wang Li"]
[Result "0-1"]
[WhiteElo "2474"]
[BlackElo "2383"]

1.e4 d5 2.exd5 Qxd5 3.Nc3 Qd6 4.d4 Nf6 5.Nf3 a6 6.g3 Bg4 7.h3 Bh5 8.Bg2 Nc6
9.Be3 O-O-O 10.O-O e6 11.a3 Nd5 12.Nxd5 exd5 13.Qd2 f6 14.b4 Bg6 15.c3 Be4
16.Rfe1 g5 17.a4 h6 18.a5 Na7 19.Rac1 Nb5 20.Qd1 Qc6 21.Bf1 Qd7 22.Nd2 Bf5
23.Kh2 Kb8 24.Bg2 h5 25.Nb3 Na3 26.Nc5 Bxc5 27.bxc5 Nc4 28.Ra1 Rhe8 29.Qb3 c6
30.Ra2 h4 31.g4 Be4 32.Qd1 Qc7+ 33.Kg1 Bxg2 34.Kxg2 Nxe3+ 35.Rxe3 Rxe3 36.fxe3 Qg3+
37.Kh1 Qxh3+ 38.Rh2 Qxe3  0-1

[Event "Chladek & Tintera Open"]
[Site "Hradec Kralove CZE"]
[Date "2010.05.20"]
[Round "7"]
[White "Kraus,To"]
[Black "Karhanek,P"]
[Result "0-1"]
[WhiteElo "2091"]
[BlackElo "2190"]

1.e4 d5 2.exd5 Qxd5 3.Nc3 Qd8 4.d4 Nf6 5.Nf3 a6 6.Bc4 b5 7.Bb3 c5 8.dxc5 Qxd1+
9.Nxd1 e6 10.a4 b4 11.Ne5 Bxc5 12.Be3 Nbd7 13.Nxd7 Nxd7 14.O-O a5 15.Re1 Bb7
16.Bc4 Ke7 17.Bb5 Bxe3 18.Nxe3 Nc5 19.Rad1 Rhd8 20.Rxd8 Rxd8 21.Nc4 Ra8 22.Re5 Bd5
23.Bc6 Rd8 24.Nxa5 Kd6 25.f4 f6 26.Rh5 g6 27.Rxh7 Bxc6 28.Nc4+ Kd5 29.Nb6+ Kd4
30.Rc7 Be4 31.c3+ bxc3 32.bxc3+ Ke3 33.h3 Rd1+ 34.Kh2 Kf2 35.Rxc5 Bxg2  0-1

[Event "ch-HUN w"]
[Site "Nagykanizsa HUN"]
[Date "2010.05.22"]
[Round "8"]
[White "Papp,P"]
[Black "Pinterne,K"]
[Result "1-0"]
[WhiteElo "2270"]
[BlackElo "2139"]

1.e4 d5 2.exd5 Qxd5 3.Nc3 Qd6 4.d4 Nf6 5.Nf3 a6 6.g3 Bg4 7.Bg2 c6 8.O-O e6
9.Bf4 Qd8 10.h3 Bxf3 11.Qxf3 Be7 12.Rad1 Nbd7 13.Na4 Nd5 14.Bd2 b5 15.Nc3 O-O
16.Ne4 Qb6 17.c3 Rac8 18.Qe2 N7f6 19.b3 Nxe4 20.Bxe4 Nf6 21.Bg2 Rfd8 22.Bc1 Bf8
23.Bb2 c5 24.dxc5 Bxc5 25.Rc1 Be7 26.Rfd1 h6 27.Rxd8+ Rxd8 28.c4 bxc4 29.Rxc4 Nd5
30.Bd4 Qb5 31.Bf1 Nb6 32.Qg4 e5 33.Rc7 Rxd4 34.Bxb5 Rxg4 35.hxg4  1-0

[Event "Municipality Cup"]
[Site "Tbilisi GEO"]
[Date "2010.05.22"]
[Round "8"]
[White "Gvetadze,Sopi"]
[Black "Arutinian,D"]
[Result "1/2-1/2"]
[WhiteElo "2363"]
[BlackElo "2566"]

1.e4 d5 2.exd5 Qxd5 3.Nc3 Qd6 4.d4 Nf6 5.Nf3 c6 6.Ne5 Nbd7 7.Bf4 Nd5 8.Nxd5 Qxd5
9.f3 Nb6 10.c4 Qd8 11.Be2 f6 12.Ng4 Bxg4 13.fxg4 e5 14.dxe5 fxe5 15.Qxd8+ Rxd8
16.Bd2 Bc5 17.Rf1 Bd4 18.O-O-O Na4 19.b3 Nc5 20.Kc2 Ne6 21.Bd3 Ke7 22.Bb4+ Bc5
23.Bc3 Bd4 24.Bb4+ Bc5 25.Bc3 Bd4 26.Bb4+ c5 27.Bd2 b6 28.Be4 Rhf8 29.Bxh7 Rh8
30.Bg6 Rxh2 31.Rf7+ Kd6 32.Be4 Rd7 33.Rdf1 Re7 34.g5 Rh4 35.Kd3 Nf4+ 36.Bxf4 Rxf4
37.R1xf4 exf4 38.Rxf4 Bb2 39.Rf8 Bc1 40.g6 Bb2 41.Rf7  1/2-1/2

[Event "2nd SCS Open"]
[Site "Bhubaneswar IND"]
[Date "2010.05.23"]
[Round "3"]
[White "Palit,S"]
[Black "Kasparov,S"]
[Result "0-1"]
[WhiteElo "2385"]
[BlackElo "2504"]

1.e4 d5 2.exd5 Qxd5 3.Nc3 Qd6 4.d4 Nf6 5.Bd3 c6 6.Nge2 g6 7.O-O Bg7 8.a3 O-O
9.Bf4 Qd8 10.Qd2 Re8 11.Rad1 Nbd7 12.Ne4 e5 13.Bg5 Nxe4 14.Bxe4 Bf6 15.Bxf6 Nxf6
16.Ng3 exd4 17.Qxd4 Qxd4 18.Rxd4 Be6 19.Bf3 Rad8 20.Rxd8 Rxd8 21.Rd1 Rxd1+
22.Bxd1 Kf8 23.Kf1 Ke7 24.Bf3 Kd6 25.Ne4+ Nxe4 26.Bxe4 Ke5 27.Bd3 Kd4 28.Ke2 Bc4
29.c3+ Kd5 30.Ke3 Bxd3 31.Kxd3 b5 32.b3 g5 33.g4 c5 34.b4 a6 35.h3 h6 36.f3 c4+
37.Ke2 Ke6 38.Kf2 Kf6 39.Ke2 Ke5 40.Ke3 f6 41.Ke2 Kf4 42.Kf2 f5 43.Ke2 fxg4
44.hxg4 Kg3 45.Ke3 Kh4 46.Ke4 Kg3 47.Ke3 Kh3 48.Ke4 Kg2 49.f4 gxf4 50.Kxf4 Kf2
51.Kf5 Kf3  0-1

[Event "XXIX Open A"]
[Site "Zalakaros HUN"]
[Date "2010.05.26"]
[Round "1"]
[White "Szalanczy,E"]
[Black "Lacha,Ja"]
[Result "1-0"]
[WhiteElo "2277"]
[BlackElo "1981"]

1.e4 d5 2.exd5 Qxd5 3.Nc3 Qd6 4.d4 Nf6 5.Nf3 a6 6.g3 b5 7.Bg2 Bb7 8.O-O e6
9.Bf4 Qb6 10.a4 Bd6 11.Be3 Nd5 12.Nxd5 Bxd5 13.axb5 Qxb5 14.b3 Qb7 15.Ra5 Bb4
16.Rxd5 exd5 17.Ne5 c6 18.Qh5 O-O 19.Bh3 Qe7 20.c4 Bd6 21.Re1 Bxe5 22.dxe5 Nd7
23.f4 Qb4 24.Bf2 Nc5 25.f5 Ne4 26.Rxe4 dxe4 27.f6 e3 28.Qg5 exf2+ 29.Kg2 f1=Q+
30.Kxf1  1-0

[Event "XXIX Open A"]
[Site "Zalakaros HUN"]
[Date "2010.05.27"]
[Round "2"]
[White "Lacha,Ja"]
[Black "Kreindl,H"]
[Result "0-1"]
[WhiteElo "1981"]
[BlackElo "2206"]

1.e4 d5 2.exd5 Qxd5 3.Nc3 Qd6 4.d4 Nf6 5.Nf3 c6 6.Ne5 Nbd7 7.Nc4 Qc7 8.Qf3 Nb6
9.Ne5 Be6 10.Bf4 Nbd5 11.Bg3 Qa5 12.Nc4 Qd8 13.Ne5 g6 14.Be2 Bg7 15.O-O Nxc3
16.Qxc3 Ne4 17.Qb4 Nxg3 18.hxg3 Qc7 19.f4 a5 20.Qc5 O-O 21.c3 Rfd8 22.Bf3 Bd5
23.Rfe1 e6 24.a4 Bf8  0-1

[Event "2nd SCS Open"]
[Site "Bhubaneswar IND"]
[Date "2010.05.28"]
[Round "9"]
[White "Vorobiov,E"]
[Black "Kasparov,S"]
[Result "1/2-1/2"]
[WhiteElo "2612"]
[BlackElo "2504"]

1.e4 d5 2.exd5 Qxd5 3.Nc3 Qd6 4.d4 Nf6 5.Nf3 c6 6.Bd3 Bg4 7.Be3 Nbd7 8.h3 Bh5
9.Qe2 e6 10.g4 Bg6 11.Bxg6 hxg6 12.O-O-O Be7 13.Bg5 Nd5 14.Ne4 Bxg5+ 15.Nexg5 Qf4+
16.Kb1 O-O-O 17.c4 Nc7 18.Qe3 Qxe3 19.fxe3 Rdf8 20.Ne4 f6 21.Nd6+ Kb8 22.e4 Ne8
23.c5 Nxd6 24.cxd6 e5 25.g5  1/2-1/2

[Event "XXIX Open A"]
[Site "Zalakaros HUN"]
[Date "2010.05.29"]
[Round "4"]
[White "Bea,B"]
[Black "Kreindl,H"]
[Result "0-1"]
[WhiteElo "2055"]
[BlackElo "2206"]

1.e4 d5 2.exd5 Qxd5 3.Nc3 Qd6 4.d4 Nf6 5.Nf3 c6 6.g3 Bg4 7.Bg2 e6 8.h3 Bh5
9.O-O Nbd7 10.Ne2 Be7 11.c3 Qc7 12.Nf4 Bg6 13.Nxg6 hxg6 14.a4 a5 15.Qe2 Nd5
16.Bd2 O-O 17.Rfe1 Rfd8 18.Bg5 Bf6 19.h4 Re8 20.Bh3 c5 21.dxc5 Qxc5 22.Bxf6 gxf6
23.Nd4 Ne5 24.h5 g5 25.Rad1 Rad8 26.Kh2 Nc6 27.Nb5 Qe7 28.Bg2 Nc7 29.Bxc6 bxc6
30.Nd4 Qc5 31.Qf3 Nd5 32.Nb3 Qc4 33.Nxa5 Qxa4 34.Ra1 Qc2 35.Nxc6 Rc8 36.Re2 Qh7
37.Na7 Rc4 38.Rd1 g4 39.Qg2 Qxh5+ 40.Kg1 Rb8 41.Red2 Rc7 42.Rxd5 exd5 43.Rxd5 Qg6
44.Nb5 Rcb7 45.Qf1 Kg7 46.b4 Re7 47.Nd6 Re5 48.Qd1 Rh8 49.Rd4 f5 50.Nxf5+ Rxf5
51.Rxg4 Rg5 52.Qd4+ Kh7 53.Rf4 Re8 54.Rf3 Kg8 55.Kg2 Qe4 56.Qf6 Rg7 57.b5 Qe5
58.Qc6 Rg6 59.Qd7 Qe6 60.Qc7 Rc8 61.Qb7 Rf8 62.Rf4 Qb6 63.Qd7 Qd6 64.Qf5 Qe6
65.Qh5 Rh6 66.Rg4+ Kh8 67.Qg5 Qf6 68.Qc5 Rg8 69.Rxg8+ Kxg8 70.c4 Qe6 71.Qg5+ Kh7
72.Qf4 Qh3+ 73.Kf3 Qh5+ 74.g4 Qh1+ 75.Ke2 Re6+ 76.Kd3 Qd1+ 77.Kc3 Qa1+ 78.Kb3 Rf6
79.Qe4+ Kg7  0-1

[Event "2nd SCS Open"]
[Site "Bhubaneswar IND"]
[Date "2010.05.30"]
[Round "11"]
[White "Harutjunyan,G"]
[Black "Kasparov,S"]
[Result "1-0"]
[WhiteElo "2460"]
[BlackElo "2504"]

1.e4 d5 2.exd5 Qxd5 3.Nc3 Qd6 4.d4 Nf6 5.Nf3 c6 6.Ne5 Nbd7 7.Nc4 Qc7 8.a4 Nb6
9.a5 Nxc4 10.Bxc4 Bf5 11.Bg5 e6 12.a6 b5 13.Bd3 Bxd3 14.Qxd3 Be7 15.Bxf6 Bxf6
16.Ne4 Be7 17.O-O O-O 18.c3 Rfd8 19.Rfe1 Rac8 20.Qe3 Rd5 21.b4 h6 22.f4 g6
23.Rf1 Kg7 24.Rf3 Re8 25.Nf2 Bd6 26.Nd3 Qc8 27.Kh1 Rg8 28.Ne5 f6 29.Nd3 Rh8
30.Qe4 Kf7 31.Rg3 Rg8 32.Ne5+ Bxe5 33.fxe5 f5 34.Qh4 Qd8 35.Qxh6 Qf8 36.Qe3 Rh8
37.Qg5 Qg7 38.Rf1 Rdd8 39.Rff3 Rdg8 40.Rh3 Ke8 41.Rfg3 Kd7 42.Kg1 Kc7 43.Rxh8 Rxh8
44.Qxg6 Qxg6 45.Rxg6 Re8 46.h4 Kb6 47.h5 Kxa6 48.h6 Kb6 49.Kf2 a5 50.bxa5+ Kxa5
51.h7 Rh8 52.Rxe6 c5 53.Rh6 b4 54.cxb4+ cxb4 55.e6 b3 56.e7 b2 57.e8=Q b1=Q
58.Qxh8 Qb2+ 59.Kg3  1-0

[Event "Six Seasons WIM"]
[Site "Narayanganj BAN"]
[Date "2010.05.30"]
[Round "13"]
[White "Rahman,SM"]
[Black "Mohammed Abdul,M"]
[Result "0-1"]
[WhiteElo "2288"]
[BlackElo "2259"]

1.e4 d5 2.exd5 Qxd5 3.Nc3 Qd6 4.d4 Nf6 5.Bc4 c6 6.Be3 Bg4 7.Qd2 e6 8.Nge2 Qc7
9.Ng3 Bd6 10.h3 Bxg3 11.hxg4 Bd6 12.Rh4 Nbd7 13.g5 Nd5 14.Nxd5 cxd5 15.Bd3 O-O-O
16.O-O-O Kb8 17.Kb1 Nb6 18.Rc1 Rc8 19.Rh3 Qc6 20.Bf4 a6 21.Qe3 Ka7 22.Bxd6 Qxd6
23.Qe5 Qf8 24.Rch1 Na4 25.a3 Rc6 26.Bxh7 Rb6 27.Rb3 f6 28.gxf6 gxf6 29.Qc7 Rxb3
30.cxb3 Nb6 31.Rc1 Qh6 32.Bd3 Rc8 33.Qxc8 Nxc8 34.Rxc8 Qd2 35.Bg6 Qxf2 36.Bf7 e5
37.Rd8 Qxd4 38.Bxd5 e4 39.Rd7 e3 40.Rxb7+ Ka8 41.Re7+ Qxd5 42.Rxe3 Qxg2  0-1

[Event "XXIX Open A"]
[Site "Zalakaros HUN"]
[Date "2010.05.30"]
[Round "5"]
[White "Makk,R"]
[Black "Gledura,B"]
[Result "1/2-1/2"]
[WhiteElo "2222"]
[BlackElo "2102"]

1.e4 d5 2.exd5 Qxd5 3.Nc3 Qd6 4.d4 Nf6 5.h3 g6 6.Nf3 Bg7 7.Bc4 O-O 8.O-O a6
9.a4 Nbd7 10.Re1 Nb6 11.Bb3 e6 12.Ne2 Nbd5 13.c4 Ne7 14.Bf4 Qd8 15.Nc3 Nf5
16.Bc2 b6 17.g4 Ne7 18.Qe2 Re8 19.Rad1 Bb7 20.Ne5 Qc8 21.Be3 Nd7 22.f4 Nxe5
23.dxe5 Bc6 24.Be4 Qb7 25.Qg2 Red8 26.Bf2 Kf8 27.Bh4 Bxe4 28.Qxe4 Qxe4 29.Nxe4 Bh6
30.Bxe7+ Kxe7 31.g5 Bg7 32.Kf2 h6 33.h4 Rxd1 34.Rxd1 Rd8 35.Rxd8 Kxd8 36.c5 hxg5
37.hxg5 Bf8 38.Ke3 Be7 39.Kd4 Kd7 40.Kc4 Kc6 41.b4 bxc5 42.Nxc5 Bxc5 43.bxc5 a5  1/2-1/2

[Event "XXIX Open A"]
[Site "Zalakaros HUN"]
[Date "2010.05.31"]
[Round "6"]
[White "Gledura,B"]
[Black "Kreindl,H"]
[Result "1-0"]
[WhiteElo "2102"]
[BlackElo "2206"]

1.e4 d5 2.exd5 Qxd5 3.Nc3 Qd6 4.d4 Nf6 5.Nf3 c6 6.Ne5 Nbd7 7.f4 Nb6 8.g4 Nfd7
9.Ne4 Qc7 10.Bg2 Nxe5 11.fxe5 Be6 12.O-O Bd5 13.a4 Bxe4 14.Bxe4 Qd7 15.a5 Nd5
16.Qf3 e6 17.c4 Nb4 18.a6 bxa6 19.Rxa6 Rc8 20.Ra5 Rc7 21.c5 Nd5 22.Ra3 g6
23.Rb3 Rb7 24.Bxd5 cxd5 25.Rxb7 Qxb7 26.Qf6 Rg8 27.Bg5 Qe7 28.Ra1 Qxf6 29.Bxf6 Kd7
30.Rxa7+ Kc6 31.Rxf7 Bh6 32.g5  1-0